| 000 -LEADER |
| fixed length control field |
01271njm a2200277Ic 4500 |
| 022 ## - INTERNATIONAL STANDARD SERIAL NUMBER |
| ISSN |
13406108 |
| 040 ## - CATALOGING SOURCE |
| Transcribing agency |
DLC |
| 041 0# - LANGUAGE CODE |
| Language code of original and/or intermediate translations of text |
eng |
| 082 ## - DEWEY DECIMAL CLASSIFICATION NUMBER |
| Classification number |
333 AES 2004 C023 Or. |
| 100 ## - MAIN ENTRY--AUTHOR NAME |
| Personal name |
Aesop, Jacob Grimm, Beatrix Potter, Troll Associates |
| 245 00 - TITLE STATEMENT |
| Title |
Huff and Puff ("h" and "p") : |
| Remainder of title |
Sing & Learn Phonics, vol. 1 / |
| 300 ## - PHYSICAL DESCRIPTION |
| Number of Pages |
1 online resource (1 audio file (1 min., 59 sec)) : |
| Other physical details |
sound. |
| 490 1# - SERIES STATEMENT |
| Series statement |
Sing & Learn Phonics, vol. 1 |
| 500 ## - GENERAL NOTE |
| General note |
Originally released by Jordan Music Productions, 2014. |
| 500 ## - GENERAL NOTE |
| General note |
Title from distributor's description |
| 520 ## - SUMMARY, ETC. |
| Summary, etc |
Great for beginning readers! Theses songs use the synthetic phonics approach to teach short vowels, high-frequency consonants and blends and teaches the following short vowels and consonants: (s, m, h, p, b, t, d, f, l, and hard c). |
| 650 #0 - SUBJECT ADDED ENTRY--TOPICAL TERM |
| Topical Term |
Language arts |
| 650 #0 - SUBJECT ADDED ENTRY--TOPICAL TERM |
| Topical Term |
English language |
| 650 #0 - SUBJECT ADDED ENTRY--TOPICAL TERM |
| Topical Term |
Usage. |
| 650 #0 - SUBJECT ADDED ENTRY--TOPICAL TERM |
| Topical Term |
Grammar, Comparative and general |
| 710 2# - ADDED ENTRY--CORPORATE NAME |
| Corporate name or jurisdiction name as entry element |
Infobase |
| 710 2# - ADDED ENTRY--CORPORATE NAME |
| Corporate name or jurisdiction name as entry element |
Jordan Music Productions (Firm) |
| 856 40 - ELECTRONIC LOCATION AND ACCESS |
| Uniform Resource Identifier |
https://ezproxy.spl.org/login?url=https://jfk.infobase.com/PortalPlaylists.aspx?wID=79331&xtid=113618 |
| 856 42 - ELECTRONIC LOCATION AND ACCESS |
| Uniform Resource Identifier |
https://cdnsecakmi.kaltura.com/p/1067292/sp/106729200/thumbnail/entry_id/0_zteut7bi/version/100001/width/88 |
| 942 ## - ADDED ENTRY ELEMENTS (KOHA) |
| Koha item type |
ADB |
| 952 ## - LOCATION AND ITEM INFORMATION (KOHA) |
| Withdrawn status [LOCAL, KOHA] |
0 |